000 00583nam a2200241 a 4500
001 nice12345678
003 IN_TiNIC
005 20260116011848.0
008 050524s1965 bana grp 000 0 eng
020 _a
_c100
082 0 0 _a291.211
_bMON
100 _aMonsma, John Clover
245 _aEvidence of God in an Expanding Universe.
260 _aBangalore
_bThomas Samuel
_c1965
300 _a250p
500 _aincludes index and biblioraphy
505 2 _aIndex
650 _aGod
700 1 _aMonsma, John Clover
902 _bSRS
942 _cBK
999 _c4525
_d4525